Obálka Náhled e-knihy:
PDF
Pro půjčování e-knih musíte být přihlášeni.
Jak si půjčit online?

Anička ve městě /

Volné pokračování knihy o Aničce a jejích malých dobrodružstvích.

Uloženo v:
Série:Anička, část 2
Hlavní autor: Peroutková, Ivana, 1960- (Autor)
Další autoři: Mastníková, Eva (Autor)
Médium: E-kniha
Jazyk:Czech
Vydáno: V Praze : Albatros, 2021
Vydání:3. vydání
Témata:
Příbuzné jednotky:Z cyklu:: Anička
Tagy:
Žádné tagy
LEADER 02340nam a2200457 i 4500
001 311365
003 CZ PrSKC
005 20260601215704.0
007 ta
008 210818s2021 xr a b 000 j cze
015 |a cnb003347522 
020 |a 9788000063331  |q (vázáno)  |z 978-80-00-063331 :  |c Kč 249,00 
035 |a (OCoLC)1284973595 
040 |a ABG001  |b cze  |e rda 
072 7 |a 821.162.3-3  |x Česká próza  |2 Konspekt 
072 7 |a 821-93  |x Literatura pro děti a mládež (beletrie)  |2 Konspekt 
080 |a 821.162.3-32  |2 MRF 
080 |a 821-93  |2 MRF 
080 |a (0:82-32)  |2 MRF 
100 1 |a Peroutková, Ivana,  |d 1960-  |7 jn20000401963  |4 aut 
245 1 0 |a Anička ve městě /  |c Ivana Peroutková ; ilustrovala Eva Mastníková 
250 |a 3. vydání 
264 1 |a V Praze :  |b Albatros,  |c 2021 
300 |a 116 stran :  |b barevné ilustrace ;  |c 22 cm 
336 |a text  |b txt  |2 rdacontent 
337 |a bez média  |b n  |2 rdamedia 
338 |a svazek  |b nc  |2 rdacarrier 
520 2 |a Volné pokračování knihy o Aničce a jejích malých dobrodružstvích.  |b Anička se po roce u babičky vrací s rodiči do Prahy, kde ji čeká spousta změn a nových zážitků. Přestěhovali se na Vinohrady, začíná navštěvovat novou školu, už třetí třídu. Nachází nové kamarádky - Katku, Ditu a Julju, se kterými jezdí po parku na kolečkových bruslích, skamarádí se i s Tarkem, s nímž začne hrát loutkové divadlo a také s Adamem, šikovným klavíristou. Učí se anglicky, chodí na balet, kupuje si křečky... 
521 8 |a Pro čtenáře od 7 let 
655 7 |a české příběhy  |7 fd133973  |2 czenas 
655 7 |a publikace pro děti  |7 fd133156  |2 czenas 
655 9 |a Czech stories  |2 eczenas 
655 9 |a children's literature  |2 eczenas 
700 1 |a Mastníková, Eva  |7 jn20001103507  |4 ill 
787 0 8 |i Z cyklu:  |t Anička  |g 2 
900 |a ABA001  |b 20 
928 9 |a Albatros Media - Albatros 
044 |a xr 
910 |a RBIT002 
998 |d 330869  |a https://core.palmknihy.cz/api/books/330869/cover?s8vnu9  |b https://core.palmknihy.cz/api/books/330869/cover/400?s8vnu9  |c https://core.palmknihy.cz/api/books/330869/cover/50?s8vnu9  |e 2031-12-31  |g 120  |i 9788000063331  |k https://core.palmknihy.cz/api/books/330869/preview.pdf  |l   |q 49  |r 1  |s https://www.palmknihy.cz/kniha/330869  |t ebook  |y 2021  |z 0  |v Anička  |w 2 
999 |d 311363